000 00239 a2200097 4500
020 _a978-0750677004
100 _a Robert Holden BA DipLD ALI
245 _aNew Landscape Design
250 _a1st edition
260 _bArchitectural Press
_c 2003
999 _c11219
_d11219